000 00280nam a2200121Ia 4500
005 20251222144855.0
008 251222s9999||||xx |||||||||||||| ||spa||
082 _a338.52/F84
100 _aFriedman, Milton
245 0 _aTeorĂ­a de los Precios
264 _bAlianza
942 _cLIB
999 _c21739
_d21739